000 00594nam a2200229Ia 4500
003 OSt
005 20220924152007.0
006 a|||||r|||| 00| 0
007 ta
008 220923b |||||||| |||| 00| 0 mar d
024 _a340327
037 _cTextual
040 _aARTS
_cARTS
_bmar
041 _2mar
_amar
082 _aO155,2M71w, L3
100 _aKhadilkar Yamuna
_9225532
245 0 _aVatvrikshachaya chhayet
260 _c1973
650 _aMARATHI LITERATURE
_938000
942 _hO155,2M71w, L3
_cTEXL
_2CC
999 _c468357
_d468357